| 000 | 00873nam a2200253 a 4500 | ||
|---|---|---|---|
| 001 | 14674 | ||
| 003 | BD-RjUL | ||
| 005 | 20211208235653.0 | ||
| 008 | 140208s1965 enk 001 0 eng d | ||
| 035 | _a(BD-RjUL)14728 | ||
| 040 |
_aANL _beng _cANL _dANL _dBD-RjUL |
||
| 041 | _aeng | ||
| 082 | 0 | 4 |
_a658.1552 _bCLP 1965 |
| 100 | 1 |
_aClay, Michael John. _945734 |
|
| 245 | 1 | 0 |
_aPerformance and profitability : _bA manual of productivity and cost reduction techniques for industry and commerce / _c M. J. Clay and B. H. Walley. |
| 260 |
_aLondon : _bLongmans, _cc1965. |
||
| 300 |
_axvi, 610 p. : _btables ; _c22 cm. |
||
| 490 | 0 | _aManagement studies series | |
| 504 | _aIncludes bibliographical references and index. | ||
| 650 | 0 |
_aCosts, Industrial. _945735 |
|
| 650 | 0 |
_aValue analysis (Cost control) _945736 |
|
| 700 | 1 |
_aWalley, Brian Halford. _945737 |
|
| 942 |
_2ddc _cBK |
||
| 999 |
_c14674 _d14674 |
||